Hamilton Lyrics Sort #7 - You'll Be Back - Statistics

General Stats
  • This quiz has been taken 25 times
  • The average score is 26 of 31
Answer Stats
Hint Answer % Correct
Line 6 Remember, we made an arrangement when you went away
100%
Line 4 In your tea, which you hurl in the sea when you see me go by
94%
Line 7 Now, you're making me mad
94%
Line 8 Remember, despite our estrangement, I'm your man
94%
Line 2 The price of my love's not a price that you're willing to pay
94%
Line 5 Why so sad?
94%
Line 3 You cry
94%
Line 9 You'll be back, soon you'll see
94%
Line 10 You'll remember you belong to me
94%
Line 13 Oceans rise, empires fall
88%
Line 14 We have seen each other through it all
88%
Line 11 You'll be back, time will tell
88%
Line 12 You'll remember that I served you well
88%
Line 1 You say
88%
Line 19 And no, don't change the subject
81%
Line 15 And when push comes to shove
81%
Line 20 Cause you're my favorite subject
81%
Line 18 You'll be the one complaining when I am gone
81%
Line 17 You say our love is draining, and you can't go on
81%
Line 27 And I'll love you 'til my dying days
75%
Line 30 Cause when push comes to shove
75%
Line 23 Forever and ever and ever and ever and ever
75%
Line 26 For your love, for your praise
75%
Line 25 I will fight the fight and win the war
75%
Line 31 I will kill your friends and family to remind you of my love
75%
Line 16 I will send a fully armed battalion to remind you of my love
75%
Line 22 My loyal, royal subject
75%
Line 21 My sweet, submissive subject
75%
Line 29 So don't throw away this thing we had
75%
Line 28 When you're gone, I'll go mad
75%
Line 24 You'll be back like before
75%
No matching quizzes found
Score Distribution
Percent of People with Each Score
Percentile by Number Answered
Your Score History
You have not taken this quiz